000 00378nam a2200145Ia 4500
008 161226s9999 xx 000 0 und d
040 _aPK-NaQUE
100 _a10CE113
100 _aZainul Abdeen
245 0 _aDesign Of Modern Library Of QUEST Nawabshah Using sap2000
260 _aNawabshah
260 _bQUEST
260 _c2010
700 _aDepartment Of Civil Engineering
999 _c57218
_d57215